000 00999nam a2200301Ia 4500
005 20220317001428.0
008 161108s2008 sp a g 000 f s
020 _a9788493650445
100 1 _aKurusa
245 1 0 _aLom y los nudones
_cKurusa ; Isabel Ferrer
250 _a2a. edición
300 _a[32] páginas
_bilustraciones en color
_c19 cm
490 _aPonte poronte
500 _aIncluye información biográfica de las autoras
521 _aRecomendado para un público infantil mayor de 6 años
650 1 4 _2LEMB
_aCuentos Infantiles Venezolanos
650 1 4 _2LEMB
_aLiteratura Venezolana
650 1 4 _2LEMB
_aAnimales
_vCuento
650 1 4 _2LEMB
_aAseo
_xCuento
700 1 0 _aFerrer Marrades, Isabel
_d1969-
_eilustradora
_972591
942 _2loc
_cBKLIT
264 _aBarcelona
_bEkaré
_c2008
336 _atexto
_btxt
_2rdacontent
337 _asin mediación
_bn
_2rdamedia
338 _avolumen
_bnc
_2rdacarrier
040 _aCO-BoRNBP
_bspa
_erda
_cCO-BoRNBP
084 _aA KUR1
999 _c6954
_d6954